[Event "CAN-Zonal qual. Online"]
[Site "Internet Chess Club"]
[Date "2021.05.31"]
[Round "1"]
[White "Panjwani, Raja"]
[Black "Chen, Max"]
[Result "0-1"]
[WhiteElo "2448"]
[BlackElo "1997"]
[PlyCount "88"]
[EventDate "2021.05.31"]
[EventType "tourn (rapid)"]
[EventRounds "11"]
[EventCountry "CAN"]

1. Nf3 Nf6 2. c4 g6 3. b3 Bg7 4. Bb2 O-O 5. g3 d5 6. Bg2 c5 7. cxd5 Nxd5 8.
Bxg7 Kxg7 9. O-O Nc6 10. d4 cxd4 11. Nxd4 Ndb4 12. Nxc6 Nxc6 13. Bxc6 bxc6 14.
Qxd8 Rxd8 15. Rc1 Ba6 16. Kf1 Rac8 17. Ke1 f5 18. Nd2 Kf6 19. Rc5 Rd5 20. Rac1
Rxc5 21. Rxc5 Rc7 22. f4 Bc8 23. Nf3 Be6 24. Ne5 Bd5 25. Kd2 Ke6 26. b4 Kd6 27.
a3 Rb7 28. Ra5 Kc7 29. Kc3 Kd6 30. Kd4 Be6 31. Nd3 Bd5 32. Nc5 Rc7 33. g4 e6
34. g5 Bg2 35. h4 Bd5 36. Nd3 Re7 37. Ra6 Rb7 38. Nc5 Rc7 39. Nd3 Rb7 40. Nc5
Rc7 41. b5 Bg2 42. b6 axb6 43. Rxb6 Ra7 44. Rxc6+ Bxc6 0-1

[Event "CAN-Zonal qual. Online"]
[Site "Internet Chess Club"]
[Date "2021.05.31"]
[Round "2"]
[White "Bellissimo, Joseph"]
[Black "Panjwani, Raja"]
[Result "1/2-1/2"]
[WhiteElo "2203"]
[BlackElo "2448"]
[PlyCount "88"]
[EventDate "2021.05.31"]
[EventType "tourn (rapid)"]
[EventRounds "11"]
[EventCountry "CAN"]

1. e4 c5 2. Nf3 Nc6 3. c3 Nf6 4. e5 Nd5 5. d4 cxd4 6. cxd4 d6 7. Bc4 Nb6 8. Bb3
dxe5 9. dxe5 Qxd1+ 10. Bxd1 Bg4 11. Nbd2 e6 12. O-O Be7 13. h3 Bh5 14. a3 O-O-O
15. b4 Kb8 16. Re1 Rd7 17. Nb3 Rhd8 18. Be2 a6 19. Be3 Nd5 20. Nc5 Rc7 21. Bg5
Bxg5 22. Nxg5 Bxe2 23. Rxe2 h6 24. Nf3 Nf4 25. Re3 Ne7 26. Kh2 Nf5 27. Re4 g5
28. h4 Nd3 29. Rd1 Rxc5 30. bxc5 Rd5 31. hxg5 hxg5 32. Nxg5 Nxf2 33. Rxd5 Nxe4
34. Rd8+ Kc7 35. Nxf7 Nxc5 36. Rd1 Ne3 37. Rd4 Nd7 38. g4 Nf8 39. Kg3 Ng6 40.
Nd8 Nxe5 41. Nxe6+ Kc6 42. Nd8+ Kc7 43. Ne6+ Kc6 44. Nd8+ Kc7 1/2-1/2

[Event "CAN-Zonal qual. Online"]
[Site "Internet Chess Club"]
[Date "2021.06.01"]
[Round "3"]
[White "Panjwani, Raja"]
[Black "Bareev, Evgeny"]
[Result "0-1"]
[WhiteElo "2448"]
[BlackElo "2638"]
[PlyCount "88"]
[EventDate "2021.05.31"]
[EventType "tourn (rapid)"]
[EventRounds "11"]
[EventCountry "CAN"]

1. d4 d5 2. Nf3 Nf6 3. c4 c6 4. e3 Bf5 5. Nc3 e6 6. Nh4 Be4 7. f3 Bg6 8. Qb3
Qb6 9. Nxg6 hxg6 10. g3 Nbd7 11. Kf2 Be7 12. Kg2 O-O 13. g4 dxc4 14. Bxc4 e5
15. g5 Ne8 16. dxe5 Nxe5 17. Be2 Qxb3 18. axb3 Nd7 19. Ne4 Nc7 20. Rd1 Rfd8 21.
f4 Ne6 22. Bd2 Kf8 23. Bc3 a6 24. b4 Nb6 25. Rxd8+ Rxd8 26. Kf3 Nd5 27. Ra4 Ra8
28. Nc5 Bxc5 29. bxc5 Nxc3 30. bxc3 Nxc5 31. Ra2 Ke7 32. e4 a5 33. c4 a4 34.
Ra3 Rh8 35. Kg2 Rd8 36. e5 Rd2 37. Kf3 Rb2 38. Ra1 b5 39. cxb5 cxb5 40. Rc1 Ne6
41. Ke3 a3 42. Rc8 Rb3+ 43. Ke4 a2 44. Ra8 Rb4+ 0-1

[Event "CAN-Zonal qual. Online"]
[Site "Internet Chess Club"]
[Date "2021.06.01"]
[Round "4"]
[White "Panjwani, Raja"]
[Black "Talukdar, Rohan"]
[Result "1-0"]
[WhiteElo "2448"]
[BlackElo "2341"]
[PlyCount "131"]
[EventDate "2021.05.31"]
[EventType "tourn (rapid)"]
[EventRounds "11"]
[EventCountry "CAN"]

1. d4 Nf6 2. Nf3 g6 3. Bf4 Bg7 4. Nbd2 O-O 5. c3 d6 6. h3 Nbd7 7. e4 c5 8. d5
Ne8 9. Be2 Nc7 10. a4 f5 11. exf5 Rxf5 12. Bh2 Nxd5 13. Qb3 Qb6 14. Qa2 e6 15.
Nc4 Qc6 16. Nxd6 Rf8 17. Bb5 Qc7 18. Ne8 Qa5 19. Nxg7 Kxg7 20. O-O a6 21. Bc4
N7b6 22. Bd6 Rd8 23. b4 Qxa4 24. Be5+ Kg8 25. Bxd5 Rxd5 26. Qxa4 Nxa4 27. Rxa4
Bd7 28. Raa1 cxb4 29. cxb4 Bb5 30. Rfd1 Bd3 31. Rac1 Rad8 32. Re1 h6 33. Bf6
Rf8 34. Rxe6 Bf5 35. Rb6 Be4 36. Rc7 Rf7 37. Rxf7 Kxf7 38. Ne5+ Kf8 39. f3 Rd1+
40. Kf2 Bd5 41. Rd6 Bxf3 42. Nxg6+ Kg8 43. Bd4 Bc6 44. Ne7+ Kf7 45. Nxc6 bxc6
46. Ke2 Rb1 47. Rf6+ Ke8 48. Bc5 Rb2+ 49. Kf3 Rb3+ 50. Kf4 Kd7 51. Rd6+ Kc7 52.
Rxh6 Rc3 53. Rh7+ Kc8 54. Ke5 Rg3 55. h4 Rxg2 56. h5 Rd2 57. h6 a5 58. Ra7 axb4
59. h7 Rh2 60. Ra8+ Kb7 61. h8=Q Rxh8 62. Rxh8 b3 63. Bd4 c5 64. Bb2 Kc6 65.
Rb8 c4 66. Kd4 1-0

[Event "CAN-Zonal qual. Online"]
[Site "Internet Chess Club"]
[Date "2021.06.01"]
[Round "5"]
[White "Plotkin, Mark"]
[Black "Panjwani, Raja"]
[Result "1/2-1/2"]
[WhiteElo "2430"]
[BlackElo "2448"]
[PlyCount "220"]
[EventDate "2021.05.31"]
[EventType "tourn (rapid)"]
[EventRounds "11"]
[EventCountry "CAN"]

1. e4 c5 2. c3 Nf6 3. e5 Nd5 4. d4 cxd4 5. Nf3 Nc6 6. Bc4 Nb6 7. Bb3 d5 8. exd6
Qxd6 9. O-O Be6 10. Bxe6 Qxe6 11. Nxd4 Nxd4 12. Qxd4 Rd8 13. Qh4 Qe2 14. Be3
Nc4 15. Na3 Nxe3 16. Qa4+ Rd7 17. fxe3 Qa6 18. Qxa6 bxa6 19. Nc4 Rc7 20. b3 g6
21. Rad1 Bg7 22. Rd3 O-O 23. Rfd1 f5 24. Kf2 Rfc8 25. Rd8+ Rxd8 26. Rxd8+ Kf7
27. Rd3 Ke6 28. Kf3 Rc8 29. Ke2 g5 30. h3 h5 31. g3 h4 32. gxh4 gxh4 33. Kf3
Bf6 34. e4 fxe4+ 35. Kxe4 Rg8 36. Re3 Rg1 37. Kf4+ Kd5 38. Rd3+ Kc5 39. Rd7 Kc6
40. Rxa7 Rg3 41. Rxa6+ Kb7 42. Re6 Rxh3 43. Ne3 Bxc3 44. Rxe7+ Kb8 45. Nd5 Bd2+
46. Ke5 Rh1 47. Rh7 h3 48. Kd6 h2 49. a4 Rd1 50. Rh8+ Kb7 51. Rh7+ Ka6 52. b4
Bxb4+ 53. Kc6 h1=Q 54. Rxh1 Rxh1 55. Nxb4+ Ka5 56. Nd5 Kxa4 57. Kc5 Rc1+ 58.
Kd4 Rc6 59. Nc3+ Kb3 60. Ne4 Kb4 61. Kd5 Rc2 62. Kd4 Rh2 63. Kd3 Rh8 64. Kd4
Rd8+ 65. Ke5 Rd1 66. Nd6 Kc5 67. Ne4+ Kc6 68. Nc3 Rd3 69. Ne4 Rd5+ 70. Kf4 Rd8
71. Ke5 Rd3 72. Nf6 Rd1 73. Ne4 Rd5+ 74. Kf4 Ra5 75. Ke3 Kd5 76. Nc3+ Ke5 77.
Kd3 Ra8 78. Kc4 Rc8+ 79. Kd3 Rd8+ 80. Ke3 Rd4 81. Ne2 Rh4 82. Kd3 Rh3+ 83. Kc4
Re3 84. Nc3 Rf3 85. Nb5 Rf8 86. Nc3 Rc8+ 87. Kd3 Rc7 88. Ne2 Rb7 89. Nc3 Rb4
90. Ne2 Rh4 91. Nc3 Rd4+ 92. Ke3 Rd8 93. Ne2 Rh8 94. Kd3 Rh3+ 95. Kc4 Re3 96.
Nc3 Re1 97. Kd3 Rh1 98. Kc4 Rh3 99. Nb5 Rh4+ 100. Kc5 Rh1 101. Kc4 Rh8 102. Nc3
Rh4+ 103. Kc5 Rd4 104. Nb5 Rd3 105. Kc4 Rd8 106. Nc3 Rh8 107. Kd3 Rh4 108. Ke3
Rh3+ 109. Kd2 Kd4 110. Ne2+ Kc4 1/2-1/2

[Event "CAN-Zonal qual. Online"]
[Site "Internet Chess Club"]
[Date "2021.06.02"]
[Round "6"]
[White "Panjwani, Raja"]
[Black "Preotu, Razvan"]
[Result "0-1"]
[WhiteElo "2448"]
[BlackElo "2487"]
[PlyCount "132"]
[EventDate "2021.05.31"]
[EventType "tourn (rapid)"]
[EventRounds "11"]
[EventCountry "CAN"]

1. d4 Nf6 2. c4 g6 3. g3 Bg7 4. Bg2 d5 5. cxd5 Nxd5 6. e4 Nb6 7. Ne2 c5 8. d5
O-O 9. O-O e6 10. Nec3 Na6 11. a4 exd5 12. exd5 Nc4 13. Na3 Ne5 14. Ne4 Bg4 15.
f3 Bf5 16. Bg5 Qd7 17. Nf6+ Bxf6 18. Bxf6 Qd6 19. Bh4 Nb4 20. Qd2 Bd3 21. Rfe1
Qxd5 22. Kh1 f5 23. Qc3 Nec6 24. Nb5 Nc2 25. Red1 Nxa1 26. Rxd3 Qa2 27. h3 Nb4
28. Rd7 Rf7 29. Rxf7 Qxf7 30. f4 Nb3 31. Nd6 Qe6 32. Nxb7 Re8 33. Kh2 h6 34.
Nxc5 Nxc5 35. Qxc5 Qb6 36. Qc4+ Kg7 37. Qc3+ Kh7 38. Qb3 Re6 39. Bd8 Qd6 40.
Bc7 Qe7 41. Be5 a5 42. Qc3 Qd7 43. Qc4 Nd3 44. Bc3 Re2 45. Kh1 Rc2 46. Qd5 Nf2+
47. Kg1 Nxh3+ 48. Kh1 Nf2+ 49. Kg1 Qxd5 50. Bxd5 Nd3 51. Bb3 Rc1+ 52. Kg2 Nxb2
53. Bxb2 Rb1 54. Bc3 Rxb3 55. Bxa5 Ra3 56. Bc7 Rxa4 57. Be5 g5 58. Bd6 Kg6 59.
fxg5 hxg5 60. Kh3 Kh5 61. Be5 Ra2 62. g4+ fxg4+ 63. Kg3 Ra3+ 64. Kg2 g3 65. Bd4
Kg4 66. Ba1 Ra2+ 0-1

[Event "CAN-Zonal qual. Online"]
[Site "Internet Chess Club"]
[Date "2021.06.02"]
[Round "7"]
[White "Rusonik, Max"]
[Black "Panjwani, Raja"]
[Result "0-1"]
[WhiteElo "2047"]
[BlackElo "2448"]
[PlyCount "64"]
[EventDate "2021.05.31"]
[EventType "tourn (rapid)"]
[EventRounds "11"]
[EventCountry "CAN"]

1. e4 g6 2. d4 Bg7 3. Nc3 c6 4. f4 Qb6 5. Nf3 d5 6. e5 Bg4 7. Be2 Nh6 8. a4 a5
9. h3 Bxf3 10. Bxf3 Nf5 11. Ne2 h5 12. g4 Nh4 13. Qd3 Na6 14. O-O Nb4 15. Qd1
Nxf3+ 16. Rxf3 hxg4 17. hxg4 Rh4 18. Rg3 O-O-O 19. Be3 Rdh8 20. Kg2 Rh2+ 21.
Kf3 f6 22. c3 Na6 23. Qc2 fxe5 24. dxe5 c5 25. Bf2 Qc6 26. Rf1 g5 27. b4 axb4
28. cxb4 Nxb4 29. Qf5+ e6 30. Qg6 Bxe5 31. Rc1 d4+ 32. Qe4 Rxf2+ 0-1

[Event "CAN-Zonal qual. Online"]
[Site "Internet Chess Club"]
[Date "2021.06.02"]
[Round "8"]
[White "Panjwani, Raja"]
[Black "Gedajlovic, Max"]
[Result "1-0"]
[WhiteElo "2448"]
[BlackElo "2270"]
[PlyCount "145"]
[EventDate "2021.05.31"]
[EventType "tourn (rapid)"]
[EventRounds "11"]
[EventCountry "CAN"]

1. d4 Nf6 2. Bg5 c6 3. Bxf6 exf6 4. e3 d5 5. g3 Bd6 6. Bg2 O-O 7. Nd2 Bf5 8.
Ne2 Nd7 9. O-O Re8 10. c4 dxc4 11. Nxc4 Bc7 12. Nc3 Be6 13. Nd2 f5 14. b4 a6
15. Nb3 Qe7 16. Nc5 Nxc5 17. bxc5 Bc4 18. Re1 Ba5 19. Qc2 Qe6 20. Reb1 Re7 21.
Na4 Bd5 22. Bxd5 Qxd5 23. Qb3 Qf3 24. Nb2 f4 25. Nc4 Rae8 26. exf4 Qc3 27. Rc1
Qxb3 28. axb3 Bc7 29. Ne3 Rd8 30. Ra4 Red7 31. Rcc4 f6 32. Kg2 Kf7 33. Kf3 Ke6
34. Ke4 Kf7 35. Rcb4 Bb8 36. Ra2 Re8+ 37. Kd3 Ba7 38. Kc3 Bb8 39. Rd2 Bc7 40.
Ra4 Red8 41. Rd3 Bb8 42. Nc4 Kf8 43. Nb6 Rc7 44. Ra2 Ba7 45. Nc4 Rcd7 46. Rad2
Bb8 47. Nb6 Rc7 48. b4 Ba7 49. Nc4 Rcd7 50. Ne3 Kf7 51. d5 cxd5 52. Rxd5 Rxd5
53. Rxd5 Rxd5 54. Nxd5 a5 55. Kc4 axb4 56. Kxb4 Ke6 57. Kc4 Kd7 58. f3 Ke6 59.
Nc7+ Kd7 60. Nb5 Bb8 61. Kd5 Ke7 62. Nd4 Ba7 63. Nf5+ Kd7 64. Nxg7 b5 65. cxb6
Bxb6 66. h3 Ke7 67. Nf5+ Kf7 68. Nd6+ Kg6 69. Ke6 Bd4 70. f5+ Kh5 71. Ne4 h6
72. Nxf6+ Bxf6 73. g4+ 1-0

[Event "CAN-Zonal qual. Online"]
[Site "Internet Chess Club"]
[Date "2021.06.03"]
[Round "9"]
[White "Thavandiran, Shiyam"]
[Black "Panjwani, Raja"]
[Result "0-1"]
[WhiteElo "2420"]
[BlackElo "2448"]
[PlyCount "106"]
[EventDate "2021.05.31"]
[EventType "tourn (rapid)"]
[EventRounds "11"]
[EventCountry "CAN"]

1. e4 c5 2. Nc3 Nc6 3. Nge2 g6 4. g3 Bg7 5. Bg2 d6 6. d3 Qd7 7. Be3 Nd4 8. Qd2
b6 9. O-O Bb7 10. Nc1 f5 11. Nd5 e6 12. Nf4 Nf6 13. c3 Nc6 14. exf5 gxf5 15. d4
cxd4 16. cxd4 d5 17. Nce2 O-O 18. Rfc1 Rad8 19. Nd3 Ne4 20. Qd1 Rc8 21. a3 Ba6
22. b4 Bc4 23. Rab1 b5 24. f3 Nd6 25. Nc5 Qf7 26. Nf4 Rfe8 27. Qd2 Nb7 28. Re1
Nxc5 29. bxc5 Nxd4 30. Bxd4 e5 31. Ne2 exd4 32. Nxd4 Qf6 33. Rxe8+ Rxe8 34. Rd1
Bf8 35. Kh1 Bxc5 36. Nxb5 Re2 37. Qc1 Qe7 38. Nc3 Bxa3 39. Qb1 Re3 40. Qb8+ Kg7
41. h4 Rxc3 42. Rb1 Rc1+ 43. Rxc1 Bxc1 44. Qb1 Ba3 45. Qxf5 Bd6 46. f4 Qf7 47.
Qg5+ Qg6 48. Qd8 Bd3 49. Qd7+ Kh6 50. g4 Be4 51. g5+ Kh5 52. f5 Qxf5 53. Qxf5
Bxf5 0-1

[Event "CAN-Zonal qual. Online"]
[Site "Internet Chess Club"]
[Date "2021.06.03"]
[Round "10"]
[White "Panjwani, Raja"]
[Black "Plotkin, Victor"]
[Result "1/2-1/2"]
[WhiteElo "2448"]
[BlackElo "2367"]
[PlyCount "123"]
[EventDate "2021.05.31"]
[EventType "tourn (rapid)"]
[EventRounds "11"]
[EventCountry "CAN"]

1. Nf3 d5 2. g3 Nf6 3. Bg2 c5 4. O-O Nc6 5. d4 cxd4 6. Nxd4 e6 7. c4 Bc5 8.
Nxc6 bxc6 9. Qc2 Bb6 10. b3 O-O 11. Bb2 Bb7 12. Nc3 Qe7 13. Na4 Rac8 14. Rac1
Rfd8 15. e3 Bc7 16. Rfd1 Bb8 17. Qc3 Bd6 18. Qd4 Ba8 19. c5 Bc7 20. f4 Re8 21.
e4 dxe4 22. Bxe4 Rcd8 23. Qc4 Nxe4 24. Qxe4 Rd5 25. b4 Red8 26. Nc3 Rd2 27. Ba1
Bb7 28. Qe3 Qd7 29. Rxd2 Qxd2 30. Qxd2 Rxd2 31. Rd1 Rxd1+ 32. Nxd1 a5 33. a3
axb4 34. axb4 f6 35. Kf2 Kf7 36. Ke3 Ba6 37. Nf2 Ke7 38. h4 h5 39. Ne4 Bf1 40.
Nd2 Bb5 41. Nf3 Bc4 42. Nd4 Bd5 43. Bc3 g5 44. b5 cxb5 45. Nxb5 Bb8 46. hxg5
fxg5 47. Be5 Bxe5 48. fxe5 Kd7 49. Nd4 Bb7 50. Kf2 Bd5 51. Kg1 Bb7 52. Kh2 Bd5
53. Kh3 Bb7 54. g4 h4 55. Nb5 Be4 56. Nd4 Bd5 57. Kh2 Kc7 58. Kh3 Kd7 59. Kh2
Kc7 60. Kg1 Kd7 61. Kf2 Kc7 62. Kg1 1/2-1/2

[Event "CAN-Zonal qual. Online"]
[Site "Internet Chess Club"]
[Date "2021.06.03"]
[Round "11"]
[White "Kleinman, Michael"]
[Black "Panjwani, Raja"]
[Result "0-1"]
[WhiteElo "2387"]
[BlackElo "2448"]
[PlyCount "60"]
[EventDate "2021.05.31"]
[EventType "tourn (rapid)"]
[EventRounds "11"]
[EventCountry "CAN"]

1. e4 c5 2. Nf3 Nc6 3. Bb5 g6 4. Bxc6 dxc6 5. d3 Qc7 6. a4 e5 7. a5 f6 8. Be3
Nh6 9. h3 Nf7 10. Nbd2 Be6 11. Nc4 Bxc4 12. dxc4 Nd8 13. Qe2 Ne6 14. c3 h5 15.
g3 Bh6 16. Bxh6 Rxh6 17. h4 Rh7 18. Nd2 O-O-O 19. Nb3 Rhd7 20. Kf1 Rd6 21. Kg2
Qd7 22. Rhb1 Kb8 23. Qe3 Rd3 24. Nxc5 Nxc5 25. Qxc5 Qg4 26. Re1 g5 27. hxg5
Qf3+ 28. Kg1 h4 29. gxh4 Qg4+ 30. Kf1 Rh3 0-1

[Event "CAN-Zonal qual. Online playoff-2"]
[Site "Internet Chess Club"]
[Date "2021.06.04"]
[Round "1"]
[White "Bareev, Evgeny"]
[Black "Panjwani, Raja"]
[Result "1/2-1/2"]
[WhiteElo "2638"]
[BlackElo "2448"]
[PlyCount "77"]
[EventDate "2021.04.06"]
[EventType "match (rapid)"]
[EventRounds "3"]
[EventCountry "CAN"]

1. Nf3 g6 2. d4 Nf6 3. Bf4 Bg7 4. e3 O-O 5. Be2 b6 6. O-O Bb7 7. c4 e6 8. Nc3
d6 9. h3 Nbd7 10. Bh2 Qe7 11. Rc1 Ne4 12. Nxe4 Bxe4 13. Nd2 Bb7 14. Bf3 Bxf3
15. Nxf3 e5 16. Qa4 a5 17. Qc6 Ra7 18. Rfd1 a4 19. dxe5 Nxe5 20. Bxe5 Bxe5 21.
Rc2 Qe8 22. Qxe8 Rxe8 23. Nd4 Bxd4 24. Rxd4 Ra5 25. Kf1 f5 26. Ke2 Kf7 27. g3
Ree5 28. Kd2 Ke7 29. Kc3 c5 30. Rd3 b5 31. Rcd2 b4+ 32. Kc2 Ra6 33. Rd5 Rxd5
34. Rxd5 a3 35. b3 Ke6 36. Kd3 Ra7 37. Ke2 Re7 38. Kf3 Rf7 39. Kg2 1/2-1/2

[Event "CAN-Zonal qual. Online playoff-2"]
[Site "Internet Chess Club"]
[Date "2021.06.04"]
[Round "2"]
[White "Panjwani, Raja"]
[Black "Bareev, Evgeny"]
[Result "0-1"]
[WhiteElo "2448"]
[BlackElo "2638"]
[PlyCount "98"]
[EventDate "2021.04.06"]
[EventType "match (rapid)"]
[EventRounds "3"]
[EventCountry "CAN"]

1. d4 d5 2. Nf3 e6 3. Bf4 Bd6 4. Bg3 c5 5. e3 Nc6 6. c3 Nge7 7. Nbd2 cxd4 8.
exd4 Nf5 9. Bd3 O-O 10. Bxd6 Qxd6 11. O-O Bd7 12. a4 f6 13. Re1 Rae8 14. Qb3 g6
15. Bb5 Kg7 16. Qa3 a6 17. Bxc6 Bxc6 18. Qxd6 Nxd6 19. Nb3 Re7 20. a5 Rfe8 21.
Nc5 e5 22. dxe5 fxe5 23. b3 Kf6 24. Nd2 d4 25. cxd4 exd4 26. Rxe7 Rxe7 27. Nf3
Nf5 28. Re1 Rxe1+ 29. Nxe1 Ke5 30. f3 Kd5 31. Ncd3 Bb5 32. Kf2 Ne7 33. Nf4+ Kd6
34. h4 Nc6 35. Nc2 Ke5 36. Nh3 d3 37. f4+ Ke4 38. Ng5+ Kxf4 39. Ne3 Nxa5 40.
Nxh7 Nxb3 41. Nf8 Be8 42. Nc4 d2 43. g3+ Ke4 44. Ne3 a5 45. Nh7 a4 46. Nf6+ Kd3
47. Nfd5 a3 48. Nb4+ Kc3 49. Nbc2 d1=Q 0-1

[Event "CAN-Zonal qual. Online playoff-2"]
[Site "Internet Chess Club"]
[Date "2021.06.04"]
[Round "3"]
[White "Bareev, Evgeny"]
[Black "Panjwani, Raja"]
[Result "1-0"]
[WhiteElo "2638"]
[BlackElo "2448"]
[PlyCount "81"]
[EventDate "2021.04.06"]
[EventType "match (rapid)"]
[EventRounds "3"]
[EventCountry "CAN"]

1. c4 g6 2. Nc3 Bg7 3. g3 d6 4. Bg2 Nf6 5. Nf3 O-O 6. O-O c6 7. d3 a6 8. Bd2 b5
9. Qc2 bxc4 10. dxc4 Nfd7 11. Rfd1 a5 12. Na4 Na6 13. Bc3 Bxc3 14. Qxc3 Qc7 15.
a3 c5 16. Qe3 Nf6 17. Nc3 Bb7 18. Qh6 Bxf3 19. Bxf3 Rab8 20. Rd2 Rb3 21. e3 Qd7
22. Bd1 Rb6 23. Qh4 Rfb8 24. b3 a4 25. bxa4 Rb2 26. Ra2 Rxa2 27. Rxa2 Qf5 28.
Bc2 Qe5 29. Nb5 g5 30. Qh3 e6 31. Qf1 d5 32. Qa1 d4 33. exd4 cxd4 34. Qxd4 Rxb5
35. Qd8+ Kg7 36. axb5 Nc5 37. Qd2 Nfe4 38. Bxe4 Nxe4 39. Qe1 Qd4 40. b6 Nc5 41.
Qa1 1-0

[Event "World Corporate West A"]
[Site "chess.com INT"]
[Date "2021.02.20"]
[Round "3.6"]
[White "Demchenko, Svitlana"]
[Black "Panjwani, Raja"]
[Result "0-1"]
[WhiteElo "2071"]
[BlackElo "2448"]
[PlyCount "80"]
[EventDate "2021.02.20"]
[EventType "team (rapid)"]
[EventRounds "7"]
[EventCountry "NET"]
[Source "Mark Crowther"]
[SourceDate "2021.02.22"]
[WhiteTeam "Deloitte Chicago"]
[BlackTeam "Debevoise"]

1. e4 g6 2. d4 Bg7 3. Nc3 c6 4. Be3 d5 5. e5 f6 6. f4 Nh6 7. Be2 Qb6 8. Qd2
Qxb2 9. Rb1 Qa3 10. Nf3 O-O 11. O-O Ng4 12. h3 Nxe3 13. Qxe3 f5 14. h4 Qa5 15.
h5 gxh5 16. Nh4 e6 17. Bxh5 Qd8 18. Qh3 Bd7 19. Rxb7 Be8 20. Bxe8 Qxe8 21. g4
Nd7 22. Rf3 Kh8 23. gxf5 exf5 24. Rg3 Rf7 25. Nf3 Nxe5 26. fxe5 Rxb7 27. Ne2 c5
28. Ng5 h6 29. e6 Qf8 30. Nf4 Qf6 31. Nf7+ Rxf7 32. Ng6+ Kh7 33. exf7 Qxf7 34.
dxc5 Rg8 35. Kg2 f4 36. Rg4 Qf5 37. Nxf4 Qxc2+ 38. Kg3 Qc3+ 39. Kh4 Bf6+ 40.
Kh5 Qe5+ 0-1

[Event "World Corporate West A"]
[Site "chess.com INT"]
[Date "2021.02.21"]
[Round "4.7"]
[White "Hellsten, J."]
[Black "Panjwani, Raja"]
[Result "1-0"]
[WhiteElo "2550"]
[BlackElo "2448"]
[PlyCount "107"]
[EventDate "2021.02.20"]
[EventType "team (rapid)"]
[EventRounds "7"]
[EventCountry "NET"]
[Source "Mark Crowther"]
[SourceDate "2021.02.22"]
[WhiteTeam "Telconet"]
[BlackTeam "Debevoise"]

1. d4 g6 2. e4 Bg7 3. Nf3 d6 4. c3 Nf6 5. Bd3 O-O 6. O-O Nc6 7. Re1 e5 8. h3 a5
9. Na3 exd4 10. cxd4 Nb4 11. Bf1 d5 12. e5 Ne4 13. Nb5 Bf5 14. a3 Nc6 15. Be3
h5 16. Rc1 a4 17. Nd2 Nxd2 18. Qxd2 Na5 19. Bg5 Qb8 20. Rxc7 Nc6 21. Bf6 Be6
22. Qg5 Nxd4 23. Qxg6 fxg6 24. Rxg7+ Kh8 25. Rxb7+ Kg8 26. Rxb8 Rfxb8 27. Nxd4
Kf7 28. Nb5 Ra5 29. Nd6+ Kg8 30. Rc1 Ra7 31. Rc2 Kh7 32. Nb5 Rab7 33. Nd4 Bf5
34. Nxf5 gxf5 35. Bd3 Rxb2 36. Bxf5+ Kg8 37. Be6+ Kf8 38. Rxb2 Rxb2 39. Bxd5
Rb1+ 40. Kh2 Rd1 41. Bc6 Kf7 42. Bxa4 Rd3 43. Bb5 Rxa3 44. g4 hxg4 45. hxg4 Rc3
46. Kg2 Rc2 47. Kg3 Ke6 48. f4 Rc3+ 49. Kh4 Kf7 50. Kg5 Kg8 51. f5 Kh7 52. e6
Rc8 53. Kf4 Rc7 54. e7 1-0

[Event "World Corporate West A"]
[Site "chess.com INT"]
[Date "2021.02.21"]
[Round "6.4"]
[White "Bucci, A."]
[Black "Panjwani, Raja"]
[Result "0-1"]
[WhiteElo "1815"]
[BlackElo "2448"]
[PlyCount "52"]
[EventDate "2021.02.20"]
[EventType "team (rapid)"]
[EventRounds "7"]
[EventCountry "NET"]
[Source "Mark Crowther"]
[SourceDate "2021.02.22"]
[WhiteTeam "Amazon US-East"]
[BlackTeam "Debevoise"]

1. e4 g6 2. d4 Bg7 3. Nf3 d6 4. Bc4 Nf6 5. Nbd2 O-O 6. c3 Nc6 7. O-O e5 8. dxe5
dxe5 9. Qe2 Qe7 10. Rd1 Nh5 11. Nf1 Nf4 12. Bxf4 exf4 13. Rd2 Bg4 14. h3 Bxf3
15. Qxf3 Ne5 16. Qe2 Bh6 17. f3 Qc5+ 18. Rd4 Nc6 19. Rad1 Bg7 20. Kh1 Nxd4 21.
cxd4 Bxd4 22. b4 Qe5 23. Nd2 Rad8 24. Nb3 Be3 25. Na5 Rxd1+ 26. Qxd1 Qc3 0-1

[Event "Online Olym Top DivD"]
[Site "chess.com INT"]
[Date "2020.08.21"]
[Round "2.2"]
[White "Wojtaszek, R."]
[Black "Panjwani, Raja"]
[Result "1-0"]
[WhiteElo "2717"]
[BlackElo "2448"]
[PlyCount "69"]
[EventDate "2020.08.21"]
[EventType "team (rapid)"]
[EventRounds "9"]
[EventCountry "NET"]
[Source "Mark Crowther"]
[SourceDate "2020.08.24"]
[WhiteTeam "Poland"]
[BlackTeam "Canada"]
[WhiteTeamCountry "POL"]
[BlackTeamCountry "CAN"]

1. c4 g6 2. d4 Bg7 3. e4 d6 4. Nc3 Nf6 5. Nf3 O-O 6. Be2 c5 7. O-O Nc6 8. d5
Na5 9. Bg5 h6 10. Bd2 e5 11. g3 Nh7 12. Qc1 h5 13. Nh4 a6 14. b3 Bd7 15. Rb1
Rb8 16. Nd1 b5 17. Ne3 Ng5 18. Qc2 Bf6 19. Neg2 Nh3+ 20. Kh1 bxc4 21. bxc4 Rxb1
22. Qxb1 Qc7 23. Qb2 Rb8 24. Qa3 Bd8 25. f4 exf4 26. gxf4 Bg4 27. Bd3 Nb7 28.
Bc3 g5 29. fxg5 Bxg5 30. Nf5 Bxf5 31. Rxf5 Qe7 32. Ba1 Nd8 33. Bc2 Rb4 34. Qxh3
Rxc4 35. Qd3 1-0

[Event "Online Olym Top DivD"]
[Site "chess.com INT"]
[Date "2020.08.22"]
[Round "4.1"]
[White "Panjwani, Raja"]
[Black "Almeida Quintana, Omar"]
[Result "1-0"]
[WhiteElo "2448"]
[BlackElo "2535"]
[PlyCount "95"]
[EventDate "2020.08.21"]
[EventType "team (rapid)"]
[EventRounds "9"]
[EventCountry "NET"]
[Source "Mark Crowther"]
[SourceDate "2020.08.24"]
[WhiteTeam "Canada"]
[BlackTeam "Cuba"]
[WhiteTeamCountry "CAN"]
[BlackTeamCountry "CUB"]

1. c4 g6 2. g3 Bg7 3. Bg2 c5 4. Nc3 Nc6 5. e3 d6 6. Nge2 Nf6 7. h3 O-O 8. O-O
Bd7 9. d4 a6 10. b3 Rb8 11. d5 Na5 12. Rb1 e6 13. dxe6 Bxe6 14. Nf4 Re8 15.
Nxe6 Rxe6 16. Qe2 Nc6 17. Bb2 Nd7 18. Rfd1 Qf8 19. Rd2 Na7 20. Qd1 b5 21. Bd5
Ree8 22. Ne4 Bxb2 23. Rbxb2 Kg7 24. Nxd6 Qxd6 25. Bxf7 Qf6 26. Bxe8 Ne5 27. f4
Rxe8 28. fxe5 Qxe5 29. Rd7+ Kh8 30. Rg2 Qxe3+ 31. Kh2 Nc6 32. Qd6 Qe6 33. Qxe6
Rxe6 34. Rd5 bxc4 35. bxc4 Ne5 36. Rf2 Kg7 37. Rxc5 Kh6 38. Rc7 Nd3 39. Rd2 Ne1
40. Rf7 Re3 41. Rdd7 Nf3+ 42. Kg2 Ng5 43. Rfe7 Ra3 44. h4 Rxa2+ 45. Kf1 Ra1+
46. Ke2 Ra2+ 47. Kd1 Ra1+ 48. Kc2 1-0

[Event "Online Olym Top DivD"]
[Site "chess.com INT"]
[Date "2020.08.22"]
[Round "5.5"]
[White "Pavlidis, Ant"]
[Black "Panjwani, Raja"]
[Result "1-0"]
[WhiteElo "2543"]
[BlackElo "2448"]
[PlyCount "71"]
[EventDate "2020.08.21"]
[EventType "team (rapid)"]
[EventRounds "9"]
[EventCountry "NET"]
[Source "Mark Crowther"]
[SourceDate "2020.08.24"]
[WhiteTeam "Greece"]
[BlackTeam "Canada"]
[WhiteTeamCountry "GRE"]
[BlackTeamCountry "CAN"]

1. e4 g6 2. d4 Bg7 3. Nc3 c6 4. Bc4 d6 5. Qf3 e6 6. Nge2 b5 7. Bd3 b4 8. Nd1
Nf6 9. O-O e5 10. dxe5 dxe5 11. a3 bxa3 12. b3 O-O 13. Bxa3 Re8 14. Ne3 Bf8 15.
Bxf8 Rxf8 16. Rfd1 Qe7 17. Nc4 Nbd7 18. Qg3 Nh5 19. Qe3 Nc5 20. Ra5 Nxd3 21.
Rxd3 f6 22. Qc5 Qg7 23. Qxc6 Bb7 24. Qe6+ Kh8 25. f3 Qh6 26. Qe7 Bc6 27. Rxa7
Rxa7 28. Qxa7 Ra8 29. Qc7 Ra1+ 30. Kf2 Ng7 31. Qxc6 Qh4+ 32. Ng3 h5 33. Rd8+
Kh7 34. Qc8 Kh6 35. Qh3 Qf4 36. Ne2 1-0